Diccionario de pensamiento contemporáneo
-д хадгалсан:
| Үндсэн зохиолч: | |
|---|---|
| Формат: | Ном |
| Хэл сонгох: | испани |
| Хэвлэсэн: |
Madrid
San Pablo
1997
|
| Нөхцлүүд: | |
| Шошгууд: |
Шошго нэмэх
Шошго байхгүй, Энэхүү баримтыг шошголох эхний хүн болох!
|
MARC
| LEADER | 00000nam a22000005a 4500 | ||
|---|---|---|---|
| 003 | CL-ChBUA | ||
| 005 | 20181031090127.0 | ||
| 007 | ta | ||
| 008 | 110915s1997 sp ||||| |||| 000 ||spa | ||
| 020 | |a 8428519811 | ||
| 040 | |a CL-ChBUA |c CL-ChBUA |e rda | ||
| 082 | 0 | 0 | |a 190 |
| 100 | 1 | |a Moreno Villa, Mariano.,dir. | |
| 245 | 1 | 0 | |a Diccionario de pensamiento contemporáneo |
| 260 | |a Madrid |b San Pablo |c 1997 | ||
| 300 | |a 1.276 p. |c 20 cm. | ||
| 336 | |2 rdacontent |a text |b txt | ||
| 337 | |2 rdamedia |a unmediated |b n | ||
| 338 | |2 rdacarrier |a volume |b nc | ||
| 504 | |a índice | ||
| 650 | 4 | |a FILOSOFIA MODERNA |x DICCIONARIOS | |
| 942 | |c LIBR |2 ddc | ||
| 945 | |0 nac | ||
| 952 | |0 0 |1 0 |2 ddc |4 0 |6 R_190_000000000000000_D_545 |7 0 |9 67531 |a UNACH |b UNACH |c REA |d 2011-09-15 |i 47.935 |l 3 |o R 190 / D 545 |p 68663 |r 2019-08-09 00:00:00 |s 2018-08-08 |u 67531 |w 2012-08-08 |y LIBR | ||
| 999 | |c 28817 |d 28817 | ||